| 000 | 03103pam a22003855a 4500 | ||
|---|---|---|---|
| 001 | 017635171 | ||
| 003 | Uk | ||
| 005 | 20240818093017.0 | ||
| 006 | m || d | | ||
| 007 | cr ||||||||||| | ||
| 008 | 151119s2016 enk frb 001|0|eng|d | ||
| 015 |
_aGBB5H1647 _2bnb |
||
| 020 | _a0128498943 | ||
| 020 | _z9780128498941 | ||
| 037 |
_a9780128035047 _bIngram Content Group |
||
| 040 |
_aStDuBDS _beng _cStDuBDS _dUk _dEG-ScBUE _epn |
||
| 082 | 0 | 4 |
_222 _a515.353 _bMAZ |
| 100 | 1 |
_aMazumder, Sandip, _941660 _d1969- |
|
| 245 | 1 | 0 |
_aNumerical methods for partial differential equations : _bfinite difference and finite volume methods / _cSandip Mazumder. |
| 260 |
_aLondon : _bAcademic Press / Elsevier, _c2016. |
||
| 300 |
_axix, 461 p. : _bill. ; _c24 cm. |
||
| 500 | _aIndex : p. 455-461. | ||
| 504 | _aIncludes bibliographical references. | ||
| 505 | 0 | _aIntroduction to Numerical Methods for Solving Differential Equations -- The Finite Difference Method (FDM) -- Solution to System of Linear Algebraic Equations -- Stability and Convergence of Iterative Solvers -- Treatment of Time Derivative (Parabolic and Hyperbolic PDEs) -- The Finite Volume Method (FVM) -- Unstructured Finite Volume Method -- Miscellaneous Topics -- Appendix A: Useful Relationships in Matrix Algebra -- Appendix B: Useful Relationships in Vector Calculus -- Appendix C: Tensor Notations and Useful Relationships | |
| 520 | _aNumerical Methods for Partial Differential Equations: Finite Difference and Finite Volume Methods focuses on two popular deterministic methods for solving partial differential equations (PDEs), namely finite difference and finite volume methods. The solution of PDEs can be very challenging, depending on the type of equation, the number of independent variables, the boundary, and initial conditions, and other factors. These two methods have been traditionally used to solve problems involving fluid flow. For practical reasons, the finite element method, used more often for solving problems in solid mechanics, and covered extensively in various other texts, has been excluded. The book is intended for beginning graduate students and early career professionals, although advanced undergraduate students may find it equally useful. The material is meant to serve as a prerequisite for students who might go on to take additional courses in computational mechanics, computational fluid dynamics, or computational electromagnetics. The notations, language, and technical jargon used in the book can be easily understood by scientists and engineers who may not have had graduate-level applied mathematics or computer science courses. | ||
| 590 | _aWessam | ||
| 650 | 7 |
_aDifferential equations, Partial _xNumerical solutions. _2BUEsh _941661 |
|
| 651 | _2BUEsh | ||
| 653 |
_bENGGEN _cNovember2016 |
||
| 856 |
_uhttp://textbooks.elsevier.com/web/product_details.aspx?isbn=9780128498941 _yInstructor website |
||
| 942 |
_2ddc _e22 _k515.353 MAZ _hRDA-MOD |
||
| 999 |
_c23174 _d23146 |
||
| 336 |
_2rdacontent _atext _btxt |
||
| 337 |
_aunmediated _2rdamedia _bn |
||
| 338 |
_avolume _bnc _2rdacarrier |
||